000 00473nam a2200169 i 4500
001 57400
003 ES-MaACL
005 20230906163553.0
007 t|
008 031016s1934 fr ||||1| fre d
100 1 _aDrieu la Rochelle, Pierre.
_945640
245 1 3 _aLa comedie de Charleroi /
_cDrieu la Rochelle.
250 _a20eme ed.
260 _a[S.l. :
_bGallimard,
_c1934] (
_eMontrouge :
_fImp. Moderne)
300 _a251 p. ;
_c18 cm.
852 _aES-MaACL
_jA-2420
999 _c57400
_d57400